00514nam a2200157Ia 4500008004000000082001700040100002500057245002200082260003700104300000800141650002700149690002000176906001100196999001700207952013200224210210b1952 xxu||||| |||| 00| 0 eng d a823.914 BARL aBARRETT (William E). aLeft hand of God. aLondonbHodder & Stoughtonc1952 a255 aThe Left Hand of God  aEnglish Fiction a040401 c90615d90615 001040708EnglishaALbALcEnglish Literatured2021-02-17g0.00l0o823.914 BARLp040401r2021-02-17 00:00:00w2021-02-17yBK